Sports Quiz

Random Sports or Clickable Quiz

Scottish Football Team Match (Soccer) Quiz Stats

 Plays Quiz not verified by Sporcle

Score 0/20 Timer 03:00
2 Plays Today
% Correct
Heart of
97.8%
Partick
96.7%
Queen of the
96.5%
St.
96.4%
Ross
95.7%
Inverness
95.2%
Hamilton
95.1%
Queen's
94.1%
East
94%
Raith
93.8%
% Correct
Ayr
92.2%
Alloa
90.9%
Berwick
89.6%
Brechin
89.5%
Fort
88.8%
Greenock
88.7%
Stirling
88.7%
Inverurie
77.1%
Forres
74.8%
Wick
73.8%

You're not logged in!

Compare scores with friends on all Sporcle quizzes.
OR
Log In

Sporcle TV

Today on Sporcle TV


Watch our educational content, quiz creation guides, and fun videos on Sporcle TV.

Show Comments

Extras

Top Quizzes Today


Score Distribution

Your Account Isn't Verified!

In order to create a playlist on Sporcle, you need to verify the email address you used during registration. Go to your Sporcle Settings to finish the process.

Report this User

Report this user for behavior that violates our Community Guidelines.

Details: